000 00620nam a22002057a 4500
003 OSt
005 20140717175830.0
008 140717b xxu||||| |||| 00| 0 eng d
020 _a9780702029400
040 _cDNLM
082 _aWY195 N937m 2009
_bN
245 _aNursing Knowledge and practice:
_bfoundations for decision making
250 _a3rd ed.
260 _aEdinburgh:
_bBailliere,
_c2009
300 _axvii,484p;
_bcol.ill
_c28cm
504 _aReferences, Glossary & index included
650 _aNursing practice
_9705
700 _aEdited by Maggie Mallik, Carol Hall, Howard David
_9706
942 _2z
_cO_SHELF
999 _c260
_d260